Missing Word: Shakespeare Quiz Stats

 Plays Quiz Updated Jan 29, 2014

     
Support Sporcle.
Go Orange.
Score 0/20 Timer 03:00
0 Plays Today
Hint Answer % Correct
________ and JulietRomeo
99.9%
A Midsummer _______ DreamNight's
95.3%
Much Ado About ________Nothing
93.1%
Julius ________Caesar
92%
All's ________ That Ends WellWell
91.6%
________ LearKing
90.8%
The Taming of the ________Shrew
88.5%
The Merchant of ________Venice
82.5%
________ You Like ItAs
73.5%
________ and CleopatraAntony
71.4%
Hint Answer % Correct
________ VHenry
68.9%
The Comedy of ________Errors
64.9%
The Merry ________ of WindsorWives
56.4%
Measure ________ MeasureFor
54.6%
The Winter's ________Tale
54.6%
Love's ________ LostLabours
51.3%
________ NightTwelfth
49.2%
The ________ Gentlemen of VeronaTwo
45.4%
The ________Tempest
42.9%
Titus ________Andronicus
40.5%

Today's Daily Dose

Missing Word
Brands of Alcohol

Word Ladder
A Little Room?

Get the Picture
SpongeBob Rivalry

From the Vault

Ben Stiller Movies

by Derek

Movies 8m
I'm pretty sure there's more to life than being really, really, really, ridiculously good looking, and I plan on finding out what that is...right after taking this Sporcle quiz!
Remove Ads.
Support Sporcle.
Get the best of Sporcle when you Go Orange. This ad-free experience offers more features, more stats, and more fun while also helping to support Sporcle. Thank you for becoming a member.

Show Comments

Extras

Top Quizzes Today


Score Distribution

Your Account Isn't Verified!

In order to create a playlist on Sporcle, you need to verify the email address you used during registration. Go to your Sporcle Settings to finish the process.

Report this User

Report this user for behavior that violates our Community Guidelines.

Details: